Statistiques concernant Teen Wolf personnages

Cliquez ici pour prendre le quiz!

Statistiques générales

  • Ce quiz a été pris 218 fois
  • Le résultat moyen est 17 sur 52

Statistiques - réponses

Réponse% Correct
Scott McCall
93%
Stiles Stilinski
84%
Allison Argent
79%
Lydia Martin
78%
Derek Hale
77%
Melissa McCall
74%
Peter Hale
73%
Chris Argent
72%
Kate Argent
68%
Cora Hale
65%
Gerard Argent
65%
Malia Tate
63%
Sheriff Stilinski
63%
Rafael McCall
62%
Liam Dunbar
55%
Natalie Martin
52%
Kira Yukimura
43%
Isaac Lahey
41%
Ethan
38%
Ken Yukimura
38%
Aiden
37%
Jordan Parrish
37%
Théo Raeken
36%
Deucalion
35%
Noshiko Yukimura
34%
Hayden Romero
26%
Vernon Boyd
26%
Mason Hewitt
20%
Erica Reyes
19%
Braeden
17%
Brett Talbot
17%
Coach Bobby Finstock
16%
Meredith Walker
16%
Nogitsune
16%
Corey Bryant
13%
Marin Morrell
13%
Adrian Harris
11%
Tracy Stewart
10%
Danny Mahealani
8%
Nolan Holloway
8%
Louve du désert
7%
Cavaliers Fantômes
6%
Josh Diaz
6%
La Bête du Gévaudan
5%
Paige Krasikeva
5%
Les médecins de l'Horreur
2%
Mr. Lahey
2%
Nathan Pierce
2%
Alpha Nazi
0%
Dr. Alan Deaton
0%
Jackson Whittlemore
0%
The mute
0%

Distribution des résultats

Percentile par nombre de réponses

% des personnes avec chaque résultat

Votre développement - résultats

Vous n’avez pas pris ce quiz